书目信息 |
| 题名: |
中国动漫
|
|
| 作者: | 乐坚 主编 | |
| 分册: | ||
| 出版信息: | 上海 上海人民美术出版社 2012.07 |
|
| 页数: | 271页 | |
| 开本: | 25cm | |
| 丛书名: | ||
| 单 册: | ||
| 中图分类: | J228.5 | |
| 科图分类: | ||
| 主题词: | 插图--作品集--中国--现代 , 插图 | |
| 电子资源: | ||
| ISBN: | 978-7-5322-7998-2 | |
| 000 | 00833nam0 2200253 450 | |
| 001 | 010050011577 | |
| 005 | 20130608091307.04 | |
| 010 | @a978-7-5322-7998-2@dCNY188.00 | |
| 100 | @a20120821d2012 em y0chiy50 ea | |
| 101 | 0 | @achi |
| 102 | @aCN@b310000 | |
| 105 | @aaf z 000yy | |
| 106 | @ar | |
| 200 | 1 | @a中国动漫@9zhong guo dong man@e百位插画师手绘作品精选@f乐坚主编 |
| 210 | @a上海@c上海人民美术出版社@d2012.07 | |
| 215 | @a271页@c图,图版(5页)@d25cm | |
| 330 | @a本书收录了鱼、雀、Mirror、First sight、Redemption、走(上)、少女与猫、灰鸽、小水怪(上)等作品。 | |
| 517 | 1 | @a百位插画师手绘作品精选@9bai wei cha hua shi shou hui zuo pin jing xuan |
| 606 | 0 | @a插图@x作品集@y中国@z现代 |
| 606 | 0 | @a插图 |
| 690 | @aJ228.5@v5 | |
| 701 | 0 | @a乐坚@9le jian@4主编 |
| 801 | 0 | @aCN@bRENTIAN@c20120821 |
| 905 | @dJ228.5@e289 | |
| 中国动漫:百位插画师手绘作品精选/乐坚主编.-上海:上海人民美术出版社,2012.07 |
| 271页:图,图版(5页);25cm |
| ISBN 978-7-5322-7998-2:CNY188.00 |
| 本书收录了鱼、雀、Mirror、First sight、Redemption、走(上)、少女与猫、灰鸽、小水怪(上)等作品。 |
| ● |
| 相关链接 |
|
|
|
|
正题名:中国动漫
索取号:J228.5/289
 
预约/预借
| 序号 | 登录号 | 条形码 | 馆藏地/架位号 | 状态 | 备注 |
| 1 | 0543721 | 205437213 | 第一样本阅览室/ [索取号:J228.5/289] | 在馆 | |
| 2 | 0543722 | 205437222 | 第一借阅区/ [索取号:J228.5/289] | 在馆 | |
| 3 | 0543723 | 205437231 | 第一借阅区/ [索取号:J228.5/289] | 在馆 |